Der kurze Sommer der Utopie. (Titelsatznr. 371217)
[ MARC ]
| 000 -Satzkennung | |
|---|---|
| Kontrollfeld mit fester Länge | 00943nam a22001937a 4500 |
| 008 - Feld mit fester Länge zur physischen Beschreibung - Allgemeine Angaben | |
| Kontrollfeld mit fester Länge | 201127b ||||| |||| 00| 0 eng d |
| 040 ## - Katalogisierungsquelle | |
| Original-Katalogisierungsstelle | DE-2950 |
| Katalogisierungssprache | ger |
| Übertragungsstelle | DE-2950 |
| Beschreibungsfestlegungen | rda |
| 041 ## - Sprachcode | |
| Sprachcode des Textes/der Tonspur oder des separaten Titels | ger |
| 245 ## - Titel | |
| Haupttitel | Der kurze Sommer der Utopie. |
| Titelzusatz | Die Freiluft-Siedlung Gildenhall bei Neuruppin stand für Erneuerung, Handwerk und Gemeinschaft - und währte nur wenige Jahre. Eine Spurensuche zum 100. Jubiläum der Siedlungsgründung: Was ist vor Ort noch zu sehen? Und was sind die Perspektiven für die Zukunft? |
| Zählung des Teils/der Abteilung eines Werkes | Christina Tilmann. |
| 264 ## - Veröffentlichungsangabe, Vertriebsangabe, Herstellungsangabe | |
| Erscheinungs-, Vertriebs-, Herstellungsdatum | 2021 |
| 490 ## - Gesamttitelangabe | |
| Haupttitel der Reihe/Unterreihe | Brandenburger Blätter |
| Zählung | 11./12.12.2021 |
| 653 ## - Lokales Schlagwort | |
| Nicht-normierter Term | Gildenhall / Neuruppin |
| 653 ## - Lokales Schlagwort | |
| Nicht-normierter Term | Freiluftsiedlung 1920-1933 |
| 773 ## - Übergeordnete Einheit | |
| Ort, Verlag und Erscheinungsjahr | Frankfurt (Oder) Märkisches Verlags- und Druckhaus GmbH & Co KG |
| Titel | Märkische Oderzeitung |
| Verknüpfungsangaben | 32. Jahrgang (2021) Nr. 290 vom 11./12.12.2021, Journal am Wochenende, S. 4 |
| 942 ## - Zusätzliche Felder (Koha) | |
| Koha-Medientyp | Aufsätze |
| Ausgeschieden | Verloren | Beschädigt | Nicht entleihbar | Permanenter Standort | Aktueller Standort | Aufstellungsort | Eingabedatum | Anzahl Ausleihen | Signatur | Letzte Aktivität | Preis gültig von | Medientyp |
|---|---|---|---|---|---|---|---|---|---|---|---|---|
| Stadtarchiv Frankfurt (Oder) | Archivbibliothek | Stadtarchiv Frankfurt (Oder) | Archivbibliothek | Magazin | 28/12/2021 | Z2 | 28/12/2021 | 28/12/2021 | Aufsätze |